| 000 | 00573nam a2200169 a 4500 | ||
|---|---|---|---|
| 003 | MX-MxUPN | ||
| 005 | 20221013063509.0 | ||
| 008 | 221012s1992m mx a||||r|||| 000 0 spa d | ||
| 040 |
_aMX-MxUPN _bspa _cMX-MxUPN |
||
| 041 | 0 | _aspa | |
| 050 | 1 | 4 |
_aLE7.5731 S22 _bL3.7 |
| 245 | 0 | 0 |
_aSíntesis del periodo 86-92 : _bUniversidad Autónoma de San Luis Potosí |
| 260 |
_a[San Luis Potosí] : _bEditorial Universitaria Potosina, _c1992. |
||
| 300 |
_a2 volúmenes : _bilustraciones |
||
| 610 | 2 | 7 |
_aUniversidad Autónoma de San Luis Potosí _vInformes _2 _925749 |
| 942 |
_2lcc _cLIBRO |
||
| 999 |
_c208948 _d208948 |
||